Good City form (Record no. 5256)

000 -LEADER
fixed length control field 00236nam a2200109Ia 4500
008 - FIXED-LENGTH DATA ELEMENTS--GENERAL INFORMATION
fixed length control field 200302s9999 xx 000 0 und d
100 ## - MAIN ENTRY--PERSONAL NAME
Personal name Keven Lynch
245 ## - TITLE STATEMENT
Title Good City form
260 ## - PUBLICATION, DISTRIBUTION, ETC.
Name of publisher, distributor, etc. The Mit Press
260 ## - PUBLICATION, DISTRIBUTION, ETC.
Date of publication, distribution, etc. 1981
300 ## - PHYSICAL DESCRIPTION
Extent 514
Holdings
Withdrawn status Lost status Damaged status Not for loan Permanent Location Current Location Date acquired Cost, normal purchase price Total Checkouts Full call number Barcode Date last seen Date last checked out Price effective from Koha item type Source of classification or shelving scheme Total Renewals
        BMS College of Architecture, Design and Planning BMS College of Architecture, Design and Planning 2020-03-03 3086.40 1 307.7601 CL-PG20972 2021-12-30 2021-12-14 2020-03-03 PG Books from CL    
        BMS College of Architecture, Design and Planning BMS College of Architecture, Design and Planning 2020-03-03 4218.00   307.7601 AR-PG165 2020-03-03   2020-03-03 PG Books    
        BMS College of Architecture, Design and Planning BMS College of Architecture, Design and Planning 2021-01-06   2 307.7601 AR-PG355 2023-11-20 2023-11-17   PG Books   1
        BMS College of Architecture, Design and Planning BMS College of Architecture, Design and Planning 2021-01-06   2 307.7601 AR-PG354 2025-10-12 2025-10-12 2021-01-06 PG Books    
        BMS College of Architecture, Design and Planning BMS College of Architecture, Design and Planning 2021-01-06   5 307.7601 AR-UG1978 2024-01-03 2023-10-26 2021-01-06 UG Books    
Copyright © 2025, The Librarian, Library and Information Centre, BMSCA D&P, Bengaluru. All Rights Reserved
web counter

Powered by Koha